=LDR 00000nam 2200000 4500 =001 INLIS000000000013490 =005 20200729111456 =035 ##$$a 0010-061300000013490 =008 200729################g##########0#ind## =041 ##$$a ind =082 ##$$a 2x7.2 =090 ##$$a 2x0, jau s =100 1#$$a Jauhiyyah, Ibn Dayyin =245 1#$$a Siraman rohani bagi yang mendambakan ketenagan hati, /$c Ibn Dayyin Al- jauhiyyah =260 ##$$a Jakarta :$b Lentera,$c 2000 =300 ##$$a 390 hlm, ; $c 14 x 24 cm =650 #4$$a Islam - Pedoman hidup =850 ##$$a NBPNMAT =020 ##$$a 979-8880-89-7 =084 ##$$a 2x7.2 JAU s =250 ##$$a cet.1 =990 ##$$a 00053899